<?xml version="1.0" encoding="UTF-8"?>
<record
    xmlns:xsi="http://www.w3.org/2001/XMLSchema-instance"
    xsi:schemaLocation="http://www.loc.gov/MARC21/slim http://www.loc.gov/standards/marcxml/schema/MARC21slim.xsd"
    xmlns="http://www.loc.gov/MARC21/slim">

  <leader>00651nam a22001577a 4500</leader>
  <controlfield tag="003">OSt</controlfield>
  <controlfield tag="005">20151202153435.0</controlfield>
  <controlfield tag="008">151202b        xxu||||| |||| 00| 0 eng d</controlfield>
  <datafield tag="040" ind1=" " ind2=" ">
    <subfield code="c">RUA </subfield>
  </datafield>
  <datafield tag="082" ind1=" " ind2=" ">
    <subfield code="a">FIS HOC 2003 B175 Or.1</subfield>
  </datafield>
  <datafield tag="100" ind1=" " ind2=" ">
    <subfield code="9">4161</subfield>
    <subfield code="a">HOC LAIM; &#x17A0;&#x17BB;&#x1780; &#x17A1;&#x17B6;&#x17C6;</subfield>
  </datafield>
  <datafield tag="245" ind1=" " ind2=" ">
    <subfield code="a">Effect of marine fish on the growth of crocodylus siamensis in sihanouk ville ;&#x17A5;&#x1791;&#x17D2;&#x1792;&#x17B7;&#x1796;&#x179B;&#x178F;&#x17D2;&#x179A;&#x17B8;&#x179F;&#x1798;&#x17BB;&#x1791;&#x17D2;&#x179A;&#x1791;&#x17C5;&#x179B;&#x17BE;&#x1780;&#x17C6;&#x179A;&#x17B7;&#x178F;&#x179B;&#x17BC;&#x178F;&#x179B;&#x17B6;&#x179F;&#x17CB;&#x179A;&#x1794;&#x179F;&#x17CB;&#x1780;&#x17D2;&#x179A;&#x1796;&#x17BE;&#x178F;&#x17D2;&#x179A;&#x17B8; &#x1793;&#x17C5;&#x1780;&#x17D2;&#x179A;&#x17BB;&#x1784;&#x1796;&#x17D2;&#x179A;&#x17C7;&#x179F;&#x17B8;&#x17A0;&#x1793;&#x17BB;,</subfield>
  </datafield>
  <datafield tag="260" ind1=" " ind2=" ">
    <subfield code="a">Phnom Penh </subfield>
    <subfield code="b">RUA </subfield>
    <subfield code="c">2003</subfield>
  </datafield>
  <datafield tag="300" ind1=" " ind2=" ">
    <subfield code="a">viii; 44p.</subfield>
    <subfield code="b">ill.</subfield>
    <subfield code="c">29cm</subfield>
  </datafield>
  <datafield tag="942" ind1=" " ind2=" ">
    <subfield code="2">ddc</subfield>
    <subfield code="c">FIS</subfield>
  </datafield>
  <datafield tag="999" ind1=" " ind2=" ">
    <subfield code="c">3875</subfield>
    <subfield code="d">3875</subfield>
  </datafield>
  <datafield tag="952" ind1=" " ind2=" ">
    <subfield code="0">0</subfield>
    <subfield code="1">0</subfield>
    <subfield code="2">ddc</subfield>
    <subfield code="4">0</subfield>
    <subfield code="6">FIS_HOC_2003_000000000000000_B175_OR_1</subfield>
    <subfield code="7">0</subfield>
    <subfield code="9">19527</subfield>
    <subfield code="a">LBB</subfield>
    <subfield code="b">LBB</subfield>
    <subfield code="c">B175</subfield>
    <subfield code="d">2015-12-02</subfield>
    <subfield code="o">FIS HOC 2003 B175 Or.1</subfield>
    <subfield code="p">RUA010161</subfield>
    <subfield code="r">2015-12-02</subfield>
    <subfield code="w">2015-12-02</subfield>
    <subfield code="y">FIS</subfield>
  </datafield>
  <datafield tag="952" ind1=" " ind2=" ">
    <subfield code="0">0</subfield>
    <subfield code="1">0</subfield>
    <subfield code="2">ddc</subfield>
    <subfield code="4">0</subfield>
    <subfield code="6">FIS_HOC_2003_000000000000000_B175_OR_2</subfield>
    <subfield code="7">0</subfield>
    <subfield code="9">19528</subfield>
    <subfield code="a">LBB</subfield>
    <subfield code="b">LBB</subfield>
    <subfield code="c">B175</subfield>
    <subfield code="d">2015-12-02</subfield>
    <subfield code="o">FIS HOC 2003 B175 Or.2</subfield>
    <subfield code="p">RUA010515</subfield>
    <subfield code="r">2015-12-02</subfield>
    <subfield code="w">2015-12-02</subfield>
    <subfield code="y">FIS</subfield>
  </datafield>
  <datafield tag="952" ind1=" " ind2=" ">
    <subfield code="0">0</subfield>
    <subfield code="1">0</subfield>
    <subfield code="2">ddc</subfield>
    <subfield code="4">0</subfield>
    <subfield code="6">FIS_HOC_2003_000000000000000_B175_OR_3</subfield>
    <subfield code="7">0</subfield>
    <subfield code="9">19529</subfield>
    <subfield code="a">LBB</subfield>
    <subfield code="b">LBB</subfield>
    <subfield code="c">B175</subfield>
    <subfield code="d">2015-12-02</subfield>
    <subfield code="o">FIS HOC 2003 B175 Or.3</subfield>
    <subfield code="p">RUA010443</subfield>
    <subfield code="r">2015-12-02</subfield>
    <subfield code="w">2015-12-02</subfield>
    <subfield code="y">FIS</subfield>
  </datafield>
  <datafield tag="952" ind1=" " ind2=" ">
    <subfield code="0">0</subfield>
    <subfield code="1">0</subfield>
    <subfield code="2">ddc</subfield>
    <subfield code="4">0</subfield>
    <subfield code="6">FIS_HOC_2003_000000000000000_B175_OR_4</subfield>
    <subfield code="7">0</subfield>
    <subfield code="9">19530</subfield>
    <subfield code="a">LBB</subfield>
    <subfield code="b">LBB</subfield>
    <subfield code="c">B175</subfield>
    <subfield code="d">2015-12-02</subfield>
    <subfield code="o">FIS HOC 2003 B175 Or.4</subfield>
    <subfield code="p">RUA010358</subfield>
    <subfield code="r">2015-12-02</subfield>
    <subfield code="w">2015-12-02</subfield>
    <subfield code="y">FIS</subfield>
  </datafield>
  <datafield tag="952" ind1=" " ind2=" ">
    <subfield code="0">0</subfield>
    <subfield code="1">0</subfield>
    <subfield code="2">ddc</subfield>
    <subfield code="4">0</subfield>
    <subfield code="6">FIS_HOC_2003_000000000000000_B175_OR_5</subfield>
    <subfield code="7">0</subfield>
    <subfield code="9">48119</subfield>
    <subfield code="a">LBB</subfield>
    <subfield code="b">LBB</subfield>
    <subfield code="d">2016-07-10</subfield>
    <subfield code="o">FIS HOC 2003 B175 Or.5</subfield>
    <subfield code="p">RUA057456</subfield>
    <subfield code="r">2016-07-10</subfield>
    <subfield code="w">2016-07-10</subfield>
    <subfield code="y">FIS</subfield>
  </datafield>
  <datafield tag="952" ind1=" " ind2=" ">
    <subfield code="0">0</subfield>
    <subfield code="1">0</subfield>
    <subfield code="2">ddc</subfield>
    <subfield code="4">0</subfield>
    <subfield code="6">FIS_HOC_2003_000000000000000_B1_262_OR_1</subfield>
    <subfield code="7">0</subfield>
    <subfield code="9">81029</subfield>
    <subfield code="a">LBB</subfield>
    <subfield code="b">LBB</subfield>
    <subfield code="c">B1.258</subfield>
    <subfield code="d">2019-08-12</subfield>
    <subfield code="o">FIS HOC 2003 B1.262 Or.1</subfield>
    <subfield code="p">A37770</subfield>
    <subfield code="r">2019-08-12</subfield>
    <subfield code="w">2019-08-12</subfield>
    <subfield code="y">FIS</subfield>
  </datafield>
  <datafield tag="952" ind1=" " ind2=" ">
    <subfield code="0">0</subfield>
    <subfield code="1">0</subfield>
    <subfield code="2">ddc</subfield>
    <subfield code="4">0</subfield>
    <subfield code="6">FIS_HOC_2003_000000000000000_B1_262_OR_1</subfield>
    <subfield code="7">0</subfield>
    <subfield code="9">81173</subfield>
    <subfield code="a">LBB</subfield>
    <subfield code="b">LBB</subfield>
    <subfield code="c">B1.262</subfield>
    <subfield code="d">2019-08-13</subfield>
    <subfield code="o">FIS HOC 2003 B1.262 Or.1</subfield>
    <subfield code="p">A37575</subfield>
    <subfield code="r">2019-08-13</subfield>
    <subfield code="w">2019-08-13</subfield>
    <subfield code="y">FIS</subfield>
  </datafield>
  <datafield tag="952" ind1=" " ind2=" ">
    <subfield code="0">0</subfield>
    <subfield code="1">0</subfield>
    <subfield code="2">ddc</subfield>
    <subfield code="4">0</subfield>
    <subfield code="6">FIS_HOC_2003_000000000000000_B1_266_OR_1</subfield>
    <subfield code="7">0</subfield>
    <subfield code="9">81397</subfield>
    <subfield code="a">LBB</subfield>
    <subfield code="b">LBB</subfield>
    <subfield code="c">B1.266</subfield>
    <subfield code="d">2019-08-27</subfield>
    <subfield code="o">FIS HOC 2003 B1.266 Or.1</subfield>
    <subfield code="p">A37288</subfield>
    <subfield code="r">2019-08-27</subfield>
    <subfield code="w">2019-08-27</subfield>
    <subfield code="y">FIS</subfield>
  </datafield>
  <datafield tag="952" ind1=" " ind2=" ">
    <subfield code="0">0</subfield>
    <subfield code="1">0</subfield>
    <subfield code="2">ddc</subfield>
    <subfield code="4">0</subfield>
    <subfield code="6">FIS_HOC_2003_000000000000000_B1_266_OR_2</subfield>
    <subfield code="7">0</subfield>
    <subfield code="9">81399</subfield>
    <subfield code="a">LBB</subfield>
    <subfield code="b">LBB</subfield>
    <subfield code="c">B1.266</subfield>
    <subfield code="d">2019-08-27</subfield>
    <subfield code="o">FIS HOC 2003 B1.266 Or.2</subfield>
    <subfield code="p">A36152</subfield>
    <subfield code="r">2019-08-27</subfield>
    <subfield code="w">2019-08-27</subfield>
    <subfield code="y">FIS</subfield>
  </datafield>
  <datafield tag="952" ind1=" " ind2=" ">
    <subfield code="0">0</subfield>
    <subfield code="1">0</subfield>
    <subfield code="2">ddc</subfield>
    <subfield code="4">0</subfield>
    <subfield code="6">FIS_HOC_2003_000000000000000_B1_266_OR_3</subfield>
    <subfield code="7">0</subfield>
    <subfield code="9">81400</subfield>
    <subfield code="a">LBB</subfield>
    <subfield code="b">LBB</subfield>
    <subfield code="c">B1.266</subfield>
    <subfield code="d">2019-08-27</subfield>
    <subfield code="o">FIS HOC 2003 B1.266 Or.3</subfield>
    <subfield code="p">A37346</subfield>
    <subfield code="r">2019-08-27</subfield>
    <subfield code="w">2019-08-27</subfield>
    <subfield code="y">FIS</subfield>
  </datafield>
  <datafield tag="952" ind1=" " ind2=" ">
    <subfield code="0">0</subfield>
    <subfield code="1">0</subfield>
    <subfield code="2">ddc</subfield>
    <subfield code="4">0</subfield>
    <subfield code="6">FIS_HOC_2003_000000000000000_B1_270_OR_1</subfield>
    <subfield code="7">0</subfield>
    <subfield code="9">81553</subfield>
    <subfield code="a">LBB</subfield>
    <subfield code="b">LBB</subfield>
    <subfield code="c">B1.270</subfield>
    <subfield code="d">2019-08-28</subfield>
    <subfield code="o">FIS HOC 2003 B1.270 Or.1</subfield>
    <subfield code="p">A37393</subfield>
    <subfield code="r">2019-08-28</subfield>
    <subfield code="w">2019-08-28</subfield>
    <subfield code="y">FIS</subfield>
  </datafield>
</record>
